Neoclassical Architecture in Greece /

Estudio histórico sobre la arquitectura neoclásica en Grecia, desde fines de la década de 1820, cuando culmina el período de dominación otomana, hasta inicios del siglo XX. Las propuestas arquitectónicas realizadas durante este período en Atenas y luego en otras ciudades griegas tomaron como punto d...

Descripció completa

Guardat en:
Dades bibliogràfiques
Autor principal: Biris, Manos (autor)
Altres autors: Kardamitsi-Adami, Maro (autor) (autor)
Format: Llibre
Idioma:anglès
Publicat: Los Angeles, EUA : Getty, 2004, c2004
Matèries:
Etiquetes: Afegir etiqueta
Sense etiquetes, Sigues el primer a etiquetar aquest registre!

MARC

LEADER 00000nam^a2200000^a^4500
001 000184828
005 20250521000000.0
009 20260310102130.264
020 |a 0-89236-775-X 
037 |a Acervo ITESO - Biblioteca 
041 |a ING 
082 |a 720. 949507  |b BIR 
100 |a Biris, Manos  |e (autor) 
245 1 0 |a Neoclassical Architecture in Greece /  |c M. Biris, M. Kardamitsi-Adami ; tr. por David Hardy. 
264 4 |a Los Angeles, EUA :  |b Getty,  |c 2004, c2004 
300 |a 312 p. 
336 |a texto  |b txt  |2 rdacontenido 
337 |a sin mediación  |b n  |2 rdamedio 
338 |a volumen  |b nc  |2 rdasoporte 
500 |a Traducción de: Neoklasike architektonike sten Hellada 
520 |a Estudio histórico sobre la arquitectura neoclásica en Grecia, desde fines de la década de 1820, cuando culmina el período de dominación otomana, hasta inicios del siglo XX. Las propuestas arquitectónicas realizadas durante este período en Atenas y luego en otras ciudades griegas tomaron como punto de partida el neoclacisismo europeo, pero su desarrollo y cultivo se produjo a la sombra de los modelos incomparables que son los monumentos clásicos de la Acrópolis, lo que produjo resultados únicos y excepcionales en su calidad y vigencia. 
649 |a XX 
650 |a Arquitectura Neoclásica -  |z Grecia -  |x Historia y Crítica 
650 |a Arquitectura Neoclásica -  |x Historia y Crítica 
650 |a Arquitectura Romántica e Historicista -  |z Grecia -  |x Historia y Crítica 
650 |a Arquitectura Romántica e Historicista -  |x Historia y Crítica 
650 |a Arquitectura Griega -  |x Historia y Crítica 
650 |a Arte Neoclásico -  |z Grecia -  |x Historia y Crítica 
650 |a Arte Neoclásico -  |x Historia y Crítica 
650 |a Arte Romántico e Historicista -  |z Grecia -  |x Historia y Crítica 
650 |a Arte Romántico e Historicista -  |x Historia y Crítica 
650 |a Arte Griego -  |x Historia y Crítica 
700 |a Kardamitsi-Adami, Maro  |e (autor) 
910 |a Fondo General 
920 |a Impresos - Libros 
930 |a Reserva Especial 
905 |a 103 
901 |a 0500125737  |b IT1  |c REE  |u 20250521 
902 |a https://opac.biblio.iteso.mx/vufind/Record/000184828